000
00282nam a22001097a 4500
008
160507b xxu||||| |||| 00| 0 eng d
020
_a
0721664725
041
_a
eng
080
_a
573
245
_a
THE developing human clinically oriented embryology:
_c
Keith L.Moore;
942
_2
udc
_c
BK
999
_c
1922
_d
1922